000 00993nam a2200241 i 4500
001 12420
003 ES-MaACL
005 20251011110839.0
007 t|
008 871202s1986 sp 0000s spa
080 _a929 Aranda, Pedro Pablo Abarca de Bolea, Conde de (042)
100 1 _aAguirre, Jesús
_cDuque de Alba.
_9125561
245 1 0 _aDiscurso leído por el Excmo. Sr. Don Jesús Aguirre y Ortiz de Zárate, duque de Alba, ante la Real Academia Española... el día 11 de diciembre y contestación del Excmo. Sr. Don Fernando Lázaro Carreter.
260 _aMadrid :
_b[s.n.],
_c1986 (
_fImp. Aguirre)
300 _a87 p ;
_c25 cm.
500 _aApéndice documental: p. 61-71.
504 _aBibliografía: p. 53-58.
600 1 4 _aAranda, Pedro Pablo Abarca de Bolea,
_cConde de,
_d1719-1798
_922282
700 1 _aLázaro Carreter, Fernando,
_d1923-2004
_970798
710 2 _aReal Academia Española
_96336
852 4 _aES-MaACL
_jL-19687
999 _c12420
_d12420